000 01109nam0a22002531 4500
001 rc\553078
005 20030616170215.2
035 _a(NLR Aleph) 005788728
090 _a5174027
_c5174027
100 _a20030616d1987 u |0rusy50 ca
101 0 _arus
102 _aRU
105 _aa |||||||||
200 1 _aГеодезическое обеспечение строительства и эксплуатации инженерных сооружений
_eМеждувед. темат. сб. науч. тр.
_fГл. упр. геодезии и картографии при Совете Министров СССР
_g[Сост. Н.С. Чирятьев]
210 _aМ.
_cЦНИИГАИК
_d1987
215 _a144 с.
_cил.
_d20
320 _aБиблиогр. в конце ст.
702 1 _aЧирятьев
_bН. С.
_4220
712 0 2 _aЦНИИ геодезии, аэросъемки и картографии им. Ф.Н.Красовского
_cМосква
_3RU\NLR\AUTH\889959730
801 0 _aRU
_bNLR
_gpsbo
801 1 _aRU
_bELAR
_2rusmarc
852 _aNLR
_j88-3/7473
942 _cBOOK
980 _aNB